00492nam a2200169Ia 450000500170000000800410001708200170005810000290007524500220010426000390012630000130016565000130017865000120019194200060020395201000020999900130030920250514010323.0240331s9999 xx 000 0 und d a200.042bURU aUrugamuwe Wangeesa, Himi 0aBikshuni sasanaya aColombobSridevi Publicationc1986 a164 p ., aBuddhism aHistory cL 001040708LaWERCLbWERCLcSSCd2024-03-31l0o 200.042 URUp1085r2024-03-31w2024-03-31yL c808d808